1700s Quiz A-Z - Statistics

General Stats
  • This quiz has been taken 26 times
  • The average score is 14 of 26
Answer Stats
Hint Years Answer % Correct
B) Boycott of taxes where American patriotsdressed as Natives dumped chests of tea into the harbor 1773 Boston Tea Party
92%
G) American founding father, military general andlater the first president 1732-1799 George Washington
88%
D) Americas creed for freedom written byThomas Jefferson July 4, 1776 Declaration of Independence
83%
A) War for independence between the UScolonies and Great Britain 1775-1783 American Revolution
79%
F) He was crowned King of Prussia in 1740 1712-1786 Frederick the Great
75%
N) This major Louisiana city was founded by French explorers 1718 New Orleans
75%
I) Period of widespread advancement in manufacturingin the UK and Ireland 1760-1840 Industrial Revolution
71%
O) Mahmud I takes over this massive empire 1730 Ottoman
71%
V) George Washington hailed from this southern state,creating a dynasty of state presidents 1788 Virginia
71%
C) This machine revolutionized processingof Americas cash crop by separating seeds 1794 Cotton Gin
58%
J) Founding father and 5th US president 1758-1831 James Monroe
58%
W) This famous composer is born in Salzburg, Austria 1756 Wolfgang Mozart
58%
L) The first shot of the Revolutionary War started inthis small Mass town 1775 Lexington
54%
Y) General Cornwallis surrendered to Washington at thiscrucial battle 1781 Yorktown
54%
K) British monarch that imposed heavy taxes upon thenew colonies 1760-1820 King George
50%
U) Peace treaties signed in this Dutch city that ended thewar of Spanish Succession 1713-1715 Utrecht
50%
H) German mercenary fighters that aided Britainduring the Revolutionary War 1775-1783 Hessian
42%
P) Ben Franklin founded the states flagship university,now an Ivy League member 1749 Pennsylvania
42%
E) This man patented the invention from letter C 1765-1825 Eli Whitney
38%
M) Name for the American troops that can be readyto fight within 60 seconds notice 1775-1783 Minutemen
38%
S) This crucial battle in New York state ended with adecisive American victory 1777 Saratoga
33%
T) Washington and his troops crossed the frozen Delawareriver to surprise Hessian forces here 1776 Trenton
33%
Q) Flagship vessel of feared pirate Blackbeard 1717 Queen Annes Revenge
25%
X) Political scandal between the US and French naviesthat led to the Quasi War 1797-98 XYZ Affair
17%
R) French Army officer who cornered the British with Washingtons army 1781 Rochambeau
13%
Z) This dynasty is founded in Persia 1760 Zand
4%
No matching quizzes found
Score Distribution
Percent of People with Each Score
Percentile by Number Answered
Your Score History
You have not taken this quiz